<?xml version="1.0" encoding="UTF-8"?>
<record
    xmlns:xsi="http://www.w3.org/2001/XMLSchema-instance"
    xsi:schemaLocation="http://www.loc.gov/MARC21/slim http://www.loc.gov/standards/marcxml/schema/MARC21slim.xsd"
    xmlns="http://www.loc.gov/MARC21/slim">

  <leader>01758nam a22003977a 4500</leader>
  <controlfield tag="008">151127b        xxu||||| |||| 00| 0 eng d</controlfield>
  <datafield tag="020" ind1=" " ind2=" ">
    <subfield code="a">9789871271580</subfield>
  </datafield>
  <datafield tag="082" ind1=" " ind2=" ">
    <subfield code="a">708</subfield>
    <subfield code="b">B268m</subfield>
  </datafield>
  <datafield tag="100" ind1=" " ind2=" ">
    <subfield code="a">Pablo Le&#xF3;n de la Barra</subfield>
    <subfield code="9">4260</subfield>
  </datafield>
  <datafield tag="245" ind1=" " ind2=" ">
    <subfield code="a">MALBA C-32 sucursal</subfield>
    <subfield code="c">Pablo Le&#xF3;n de la Barra, Victoria Giraudo [Curadora]</subfield>
  </datafield>
  <datafield tag="260" ind1=" " ind2=" ">
    <subfield code="a">Argentina, Buenos Aires</subfield>
    <subfield code="b"> Fundaci&#xF3;n Eduardo F. Costantini</subfield>
    <subfield code="c">2014</subfield>
  </datafield>
  <datafield tag="300" ind1=" " ind2=" ">
    <subfield code="a">134 p.</subfield>
    <subfield code="b">ill.(col.)</subfield>
    <subfield code="c">22 cm</subfield>
  </datafield>
  <datafield tag="505" ind1=" " ind2=" ">
    <subfield code="t">Introducci&#xF3;n</subfield>
    <subfield code="r">Victoria Giraudo </subfield>
    <subfield code="t">H&#xE1;galo usted mismo</subfield>
    <subfield code="r">Gala Berger, Sofia Dourron, Marina Reyes Franco, Santiago Villanueva. </subfield>
    <subfield code="t">Manual para realizar exposiciones en el tr&#xF3;pico</subfield>
    <subfield code="r">Pablo Leon de la Barra </subfield>
    <subfield code="t">Capitulo 1: Unidad de almacenamientos de datos </subfield>
    <subfield code="t">Capitulo 2: Exhibiciones </subfield>
    <subfield code="t">Capitulo 3:Sucursales e intercambios Residencias 2011-2014 Nuestro negocio es la cooperaci&#xF3;n. </subfield>
  </datafield>
  <datafield tag="650" ind1=" " ind2=" ">
    <subfield code="a">Arte Contempor&#xE1;neo </subfield>
    <subfield code="v">Exhibici&#xF3;n  </subfield>
    <subfield code="z">MALBA </subfield>
    <subfield code="9">4261</subfield>
  </datafield>
  <datafield tag="650" ind1=" " ind2=" ">
    <subfield code="a">Arte Moderno</subfield>
    <subfield code="v">Exhibiciones</subfield>
    <subfield code="9">3827</subfield>
  </datafield>
  <datafield tag="650" ind1=" " ind2=" ">
    <subfield code="a">Arte Moderno</subfield>
    <subfield code="v">Cat&#xE1;logo de Exhibici&#xF3;n</subfield>
    <subfield code="9">4285</subfield>
  </datafield>
  <datafield tag="700" ind1=" " ind2=" ">
    <subfield code="a">Giraudo, Victoria [Curadora]</subfield>
    <subfield code="9">4286</subfield>
  </datafield>
  <datafield tag="700" ind1=" " ind2=" ">
    <subfield code="a">Berger, Gala</subfield>
    <subfield code="9">4287</subfield>
  </datafield>
  <datafield tag="700" ind1=" " ind2=" ">
    <subfield code="a">Dourron, Sof&#xED;a</subfield>
    <subfield code="9">4288</subfield>
  </datafield>
  <datafield tag="700" ind1=" " ind2=" ">
    <subfield code="a">Reyes Franco, Marina</subfield>
    <subfield code="9">4289</subfield>
  </datafield>
  <datafield tag="700" ind1=" " ind2=" ">
    <subfield code="a">Villanueva, Santiago</subfield>
    <subfield code="9">4290</subfield>
  </datafield>
  <datafield tag="700" ind1=" " ind2=" ">
    <subfield code="a">Figueroa, Radam&#xE9;s "Juni"</subfield>
    <subfield code="9">4291</subfield>
  </datafield>
  <datafield tag="700" ind1=" " ind2=" ">
    <subfield code="a">Ferrari, Franco</subfield>
    <subfield code="9">4292</subfield>
  </datafield>
  <datafield tag="700" ind1=" " ind2=" ">
    <subfield code="a">Salem, Felipe</subfield>
    <subfield code="9">4293</subfield>
  </datafield>
  <datafield tag="700" ind1=" " ind2=" ">
    <subfield code="a">Gallis&#xE1; Muriente, Sof&#xED;a</subfield>
    <subfield code="9">4294</subfield>
  </datafield>
  <datafield tag="700" ind1=" " ind2=" ">
    <subfield code="a">Landsberg, Zaq</subfield>
    <subfield code="9">4295</subfield>
  </datafield>
  <datafield tag="700" ind1=" " ind2=" ">
    <subfield code="a">Vald&#xE9;s, Esteban</subfield>
    <subfield code="9">4296</subfield>
  </datafield>
  <datafield tag="700" ind1=" " ind2=" ">
    <subfield code="a">Sinclair, Marcela</subfield>
    <subfield code="9">4297</subfield>
  </datafield>
  <datafield tag="700" ind1=" " ind2=" ">
    <subfield code="a">Pinola, Leonel</subfield>
    <subfield code="9">4298</subfield>
  </datafield>
  <datafield tag="700" ind1=" " ind2=" ">
    <subfield code="a">Reyes Franco, Marina (ed.)</subfield>
    <subfield code="9">4299</subfield>
  </datafield>
  <datafield tag="700" ind1=" " ind2=" ">
    <subfield code="a">Robbio, Nicol&#xE1;s</subfield>
    <subfield code="9">4300</subfield>
  </datafield>
  <datafield tag="700" ind1=" " ind2=" ">
    <subfield code="a">Minoliti, Adriana</subfield>
    <subfield code="9">4301</subfield>
  </datafield>
  <datafield tag="700" ind1=" " ind2=" ">
    <subfield code="a">Divas, Lino</subfield>
    <subfield code="9">4302</subfield>
  </datafield>
  <datafield tag="700" ind1=" " ind2=" ">
    <subfield code="a">Berchem, Otto</subfield>
    <subfield code="9">4303</subfield>
  </datafield>
  <datafield tag="700" ind1=" " ind2=" ">
    <subfield code="a">Traba, Marta "Che"</subfield>
    <subfield code="9">4304</subfield>
  </datafield>
  <datafield tag="999" ind1=" " ind2=" ">
    <subfield code="c">800</subfield>
    <subfield code="d">800</subfield>
  </datafield>
  <datafield tag="952" ind1=" " ind2=" ">
    <subfield code="0">0</subfield>
    <subfield code="1">0</subfield>
    <subfield code="2">ddc</subfield>
    <subfield code="4">0</subfield>
    <subfield code="7">0</subfield>
    <subfield code="a">LV</subfield>
    <subfield code="b">LV</subfield>
    <subfield code="c">Colectivas</subfield>
    <subfield code="d">2015-11-27</subfield>
    <subfield code="l">0</subfield>
    <subfield code="o">708 B268m</subfield>
    <subfield code="p">004072</subfield>
    <subfield code="r">2015-11-27 00:00:00</subfield>
    <subfield code="w">2015-11-27</subfield>
    <subfield code="y">01</subfield>
  </datafield>
</record>
